00706cam a22002051 450000100060000000300080000600500170001400800390003103500190007004000270008904100110011608200220012710000300014924501310017926000460031030000360035650000650039265000270045765000160048414878BD-RjUL20211208235717.0140208r19651949enk 000 0 eng a(BD-RjUL)14932 aDLCcDLCdBD-RjULbeng1 aengfre00a658223bFAG 19651 aFayol, Henri,d1841-1925.10aGeneral and industrial management /cTranslated from the French ed. (Dunod) by Constance Storrs. With a foreword by L. Urwick. aLondon :bPitman,c1949 [Reprinted 1965]. axxvii, 110 p. :c23 cm.bill. ; aTranslation of: Administration industrielle et générale. 0aIndustrial management. 0aManagement.